000 01146nam a2200241Ia 4500
003 Ost
005 20260507075007.0
008 260507s9999||||xx |||||||||||||| ||und||
020 _ax231110977
040 _cfsecg
041 _aara
082 _a332.12
100 _aالجندي، محمد الشحات
_eمؤلف
245 0 _aالتعامل المالي و المصرفي المعاصر من منظور اسلامي /
_c محمد الشحات الجندي
260 _aالقاهرة:
_bدار الفكر العربي,
_c2008
300 _a342 صفحة؛
_c24 سم
504 _aبيبليوغرافيا: ص.339
520 _aيضم الكتاب الطبيعة الإستثمارية للمصارف الإسلامية، الودائع المصرفية، الاعتمادات المصرفية، تحصيل وخصم الأوراق التجارية، التعامل في أسواق النقد والعملات، زكاة الأموال المصرفية، التأمين.
653 _aالإقتصاد الإسلامي
653 _aالبنوك الاسلامية
653 _aالبنوك- اعتمادات
942 _cكتاب
999 _c42122
_d42122